| 000 | 00734nam a2200181 a 4500 | ||
|---|---|---|---|
| 008 | 100212s1993 ||||||||||||||||| || u | ||
| 050 | _aEPAT(08) | ||
| 100 | _aWhite, T. Anderson | ||
| 245 | 1 | 0 | _aIntegrating sustainability into agroforestry projects: a workshop framework for NGO program Managers. |
| 260 |
_aWisconsin: _bEPAT/MUCIA _c1993 |
||
| 300 | _a39p.: ill. | ||
| 350 | _a0.00 | ||
| 490 | _aEPAT Manual | ||
| 650 | _aFORESTRY | ||
| 650 | _aAGROFORESTRY PROJECTS | ||
| 710 | _aThe Environmental and Natural Resources Policy and Training Project (EPAT) | ||
| 995 |
_D0.00 _FCBU-MAIN LIBRARY (Kitwe) _H1 _I0.00 _M1 _UAVAILABLE _WFeb 12, 2010 _ZInternational Publications |
||
| 999 |
_c47156 _d47156 |
||